000
00279nam a2200097Ia 4500
001
1141096
005
20250827010113.0
008
250824s9999 xx 000 0 und d
245
0
_a
KARABÖCÜ 2 PARTİNİN GÖZBEBEĞİ
_c
NİRAN ELÇİ
260
_b
GÜNIŞIĞI KİTAPLIĞI YAYINLARI
999
_c
1141096
_d
1141096